| 000 | 00541nam a22001817a 4500 | ||
|---|---|---|---|
| 003 | OSt | ||
| 005 | 20140310183628.0 | ||
| 008 | 130301t xxu||||| |||| 00| 0 eng d | ||
| 020 | _a8171415385 | ||
| 050 |
_aLC 4704 _b.R313 2004 |
||
| 100 | _aReddy, G. Lokanadha | ||
| 245 |
_aLearning disabilities : _ba practical guide to practitioners / _cG. Lokanadha Reddy, R. Ramar, A. Kusuma |
||
| 260 |
_aNew Delhi : _bDiscovery Pub. House, _c2004. |
||
| 300 |
_a458 p. : _bill. ; _c22 cm. |
||
| 521 | _aEDU | ||
| 942 |
_2lcc _cBK _kFOR |
||
| 999 |
_c25550 _d25550 |
||